[Event "Aragon-chT"]
[Site "Aragon"]
[Date "2008.03.01"]
[Round "5"]
[White "Hernando Garcia, Antonio"]
[Black "Gaspar Calvo, Luis Alberto"]
[Result "0-1"]
[WhiteElo "2212"]
[BlackElo "1939"]
[PlyCount "74"]
[EventDate "2008.02.02"]
[EventType "team-swiss"]
[EventRounds "12"]
[EventCountry "ESP"]
[SourceTitle "EXT 2011"]
[Source "ChessBase"]
[SourceDate "2010.11.26"]
[SourceVersion "1"]
[SourceVersionDate "2010.11.26"]
[SourceQuality "1"]

1. Nf3 Nf6 2. c4 e6 3. Nc3 Bb4 4. d3 0-0 5. Bd2 d5 6. cxd5 exd5 7. a3 Ba5 8. b4 Bb6 9. Bg5 c6 10. d4 a5 11. e3 axb4 12. axb4 Rxa1 13. Qxa1 Qd6 14. Qa4 Ne4 15. Nxe4 dxe4 16. Nd2 Qg6 17. Bf4 Nd7 18. Nc4 Bxd4 19. exd4 b5 20. Qc2 bxc4 21. Qxc4 Nb6 22. Qc5 Nd5 23. Bd6 Rd8 24. Bg3 e3 25. fxe3 Qe4 26. Be2 Qb1+ 27. Bd1 Nxe3 28. Kd2 Nxd1 29. Rxd1 Qb2+ 30. Ke3 Re8+ 31. Be5 Qxg2 32. Rd2 Qg5+ 33. Kd3 Bf5+ 34. Ke2 Qg4+ 35. Kf1 Qh3+ 36. Ke1 Ra8 37. Rf2 Ra1+ 0-1

[Event "Aragon-chT"]
[Site "Aragon"]
[Date "2008.02.09"]
[Round "2"]
[White "Forcen Esteban, Daniel"]
[Black "Gaspar Calvo, Luis Alberto"]
[Result "1-0"]
[WhiteElo "2138"]
[BlackElo "1939"]
[PlyCount "105"]
[EventDate "2008.02.02"]
[EventType "team-swiss"]
[EventRounds "12"]
[EventCountry "ESP"]
[SourceTitle "EXT 2011"]
[Source "ChessBase"]
[SourceDate "2010.11.26"]
[SourceVersion "1"]
[SourceVersionDate "2010.11.26"]
[SourceQuality "1"]

1. e4 c5 2. Nc3 Nc6 3. f4 e6 4. Nf3 d6 5. Bc4 a6 6. a4 Nf6 7. 0-0 Nxe4 8. Nxe4 d5 9. Bd3 c4 10. Be2 dxe4 11. Ng5 Bc5+ 12. Kh1 Qd4 13. c3 Qd5 14. Qc2 f5 15. Bh5+ Ke7 16. Be2 h6 17. Nh3 b6 18. Qd1 Bb7 19. Qe1 Rag8 20. Qg3 g5 21. fxg5 Bd6 22. Nf4 Bxf4 23. Qxf4 Ne5 24. Qe3 hxg5 25. b3 cxb3 26. c4 Nxc4 27. Bxc4 Qxc4 28. Bb2 Qc7 29. Bxh8 Rxh8 30. Qxg5+ Kf7 31. h3 b2 32. Rab1 Qe5 33. Qe3 b5 34. d4 Qd5 35. Rxb2 bxa4 36. Rc1 Kf6 37. Qf4 a3 38. Rxb7 Qxb7 39. Qe5+ Kg6 40. Qxh8 a2 41. Qg8+ Kf6 42. Qg3 Qb1 43. Qc3 a5 44. h4 Qb4 45. Qg3 Qxd4 46. Qg5+ Ke5 47. Qg7+ Kd5 48. Qxd4+ Kxd4 49. Ra1 f4 50. Rxa2 f3 51. gxf3 exf3 52. Kg1 e5 53. h5 1-0

[Event "Aragon-chT Autonomico"]
[Site "Aragon"]
[Date "2007.03.10"]
[Round "7"]
[White "Pellicer Cemeli, Jose Luis"]
[Black "Gaspar Calvo, Luis Alberto"]
[Result "1-0"]
[WhiteElo "2043"]
[BlackElo "1930"]
[PlyCount "53"]
[EventDate "2007.01.27"]
[EventType "team"]
[EventRounds "9"]
[EventCountry "ESP"]
[SourceTitle "EXT 2008"]
[Source "ChessBase"]
[SourceDate "2007.11.25"]
[SourceVersion "1"]
[SourceVersionDate "2007.11.25"]
[SourceQuality "1"]
[WhiteTeam "La Aurora Estadilla"]
[BlackTeam "Marcos Frechin"]
[WhiteTeamCountry "ESP"]
[BlackTeamCountry "ESP"]

1. d4 Nf6 2. c4 e6 3. Nc3 Bb4 4. e3 b6 5. Bd3 Bb7 6. Nge2 Ne4 7. 0-0 f5 8. f3 Nxc3 9. bxc3 Bd6 10. e4 fxe4 11. fxe4 e5 12. Ng3 g6 13. Nh5 Qh4 14. Nf6+ Kd8 15. g3 Qh3 16. Bg5 h6 17. Bh4 g5 18. Rf5 Qxf5 19. exf5 gxh4 20. g4 exd4 21. cxd4 Nc6 22. Ne4 Bf4 23. Qf3 Bg5 24. Nxg5 hxg5 25. Qe3 Rg8 26. Re1 Ba6 27. f6 1-0